Mapa topogràfic de Catalunya : 1: 250.000 : recull de dades i estadístiques / [col·laboradors: Marcel·lí Ferran ... [et al.]] 1:
ISBN:
84-500-88-09-9
Descripción Física:
158 p. ; 21 cm + 1 mapa pleg.
Otros Autores:
Ferran, Marcel·lí
Materias:
Catalunya -- Mapes topogràfics
MARC
| LEADER | 00000nam a2200000Ia 4500 | ||
|---|---|---|---|
| 001 | 14394 | ||
| 008 | 160829s1983 xx 000 0 cat d | ||
| 020 | |a 84-500-88-09-9 | ||
| 080 | |a H-2-149 | ||
| 245 | |a Mapa topogràfic de Catalunya : |b 1: |b 250.000 : |b recull de dades i estadístiques / [col·laboradors: |b Marcel·lí Ferran ... [et al.]] | ||
| 260 | |a Barcelona : |b Institut Cartogràfic de Catalunya, |c 1983 | ||
| 300 | |a 158 p. ; |c 21 cm + 1 mapa pleg. | ||
| 490 | |a Sèrie 1:250.000 de Catalunya / Institut Cartogràfic de Catalunya ; 1 | ||
| 590 | |a A la coberta: Generalitat de Catalunya, Departament de Política Territorial i Obres Públiques, Servei Cartogràfic | ||
| 650 | |a Catalunya |x Mapes topogràfics |9 26799 | ||
| 700 | |a Ferran, Marcel·lí |9 26800 | ||
| 710 | 2 | |a Institut Cartogràfic de Catalunya |9 53041 | |
| 710 | |a Catalunya. |b Departament de Política Territorial i Obres Públiques |9 53042 | ||
| 901 | |a Arxiu | ||
| 942 | |n 1 | ||
| 952 | |0 0 |1 0 |4 0 |6 H2149 |7 1 |9 44148 |a Arxiu |b Arxiu |d 2016-12-01 |l 0 |o H-2-149 |p 14394 |r 2016-12-01 00:00:00 |w 2016-12-01 |y ARXIU | ||
| 999 | |c 46728 |d 46728 | ||